Online Catalogue and eLibrary

The metaphoric process : (Record no. 3020)

MARC details
000 -LEADER
fixed length control field 00491nam a2200193Ia 4500
005 - DATE AND TIME OF LATEST TRANSACTION
control field 20240809030059.0
008 - FIXED-LENGTH DATA ELEMENTS--GENERAL INFORMATION
fixed length control field 240331s9999 xx 000 0 und d
020 ## - INTERNATIONAL STANDARD BOOK NUMBER
ISBN 0415126258
082 ## - DDC Classification
Item Number - Author Mark FIU
Class No. 400
100 ## - MAIN ENTRY--PERSONAL NAME
Personal name Fiumara, G.C
245 #4 - TITLE STATEMENT
Title The metaphoric process :
Remainder of title connections between language and life
260 ## - PUBLICATION, DISTRIBUTION, ETC.
Place of publication, distribution, etc. London
Name of publisher, distributor, etc. Routledge
Date of publication, distribution, etc. 1995
300 ## - PHYSICAL DESCRIPTION
Extent (e.g. Volumes, Pages etc.) 196 p .,
650 ## - SUBJECT ADDED ENTRY--TOPICAL TERM
Topical term or geographic name entry element Philosophy
650 ## - SUBJECT ADDED ENTRY--TOPICAL TERM
Topical term or geographic name entry element Psychoanalysis
650 ## - SUBJECT ADDED ENTRY--TOPICAL TERM
Topical term or geographic name entry element language
650 ## - SUBJECT ADDED ENTRY--TOPICAL TERM
Topical term or geographic name entry element Linguistics
942 ## - Koha item type (Biblio)
Koha item type Books in Stacks (Lending)
Holdings
Lost status Damaged status Collection code Home library Current library Shelving location Date acquired Full call number Accession Number Item type
    Lending WERC Library WERC Library Social Science Cupboard 03/31/2024 400 FIU 5185 Books in Stacks (Lending)

© WERC Library